000 00542nam a2200229Ia 4500
005 20251020182522.0
008 200515s9999 xx 000 0 und d
082 _a69:057.5/R54/t.II
100 _aRICHARDSON, John Richardson
245 0 _aCimbras, materiales, montaje y accesorios
260 _aMéxico D.F.
260 _c1980
500 _a1 ejemplar
650 _aCIMBRAS
650 _aCONCRETO
650 _aCONSTRUCCION
650 _aENCOFRADOS
650 _aLIB
650 _aMOLDES
650 _aPUB IMCYC
942 _cLIB
999 _c1769
_d1769